Logo BPK

Biblioteka

Politechniki Koszalińskiej

XX. International Colloquium of Military History, 28 August-3 September 1994, Warsaw-Poland : (Rekord nr 30903)

Szczegóły MARC
000 -ETYKIETA REKORDU
podpole kontrolne o stałej długości 01986nam a2200493 i 4500
001 - NUMER KONTROLNY REKORDU
pole kontrolne 30903
003 - IDENTYFIKATOR NUMERU KONTROLNEGO REKORDU
podpole kontrolne KOSZ 005
005 - DATA OSTATNIEJ MODYFIKACJI REKORDU
podpole kontrolne 20240405063052.0
008 - POLE O STAŁEJ DŁUGOŚCI - DANE KONTROLNE
podpole kontrolne o stałej długości 180315s1995 pl g f |100 0 eng
015 ## - NUMER BIBLIOGRAFII NARODOWEJ
Numer bibliografii narodowej PB 2004/2500
020 ## - MIĘDZYNARODOWY ZNORMALIZOWANY NUMER KSIĄŻKI - ISBN
ISBN 8386213434
040 ## - ŹRÓDŁO KATALOGOWANIA
Instytucja, która sporządziła opis WA N
Instytucja, która utworzyła rekord WA N
Instytucja, która dokonała modyfikacji KOSZ 005/RW
041 0# - KOD JĘZYKA
Kod języka tekstu eng
-- fre
-- ger
-- spa
080 ## - UNIWERSALNA KLASYFIKACJA DZIESIĘTNA - UKD
UKD 355
080 ## - UNIWERSALNA KLASYFIKACJA DZIESIĘTNA - UKD
UKD 94
080 ## - UNIWERSALNA KLASYFIKACJA DZIESIĘTNA - UKD
UKD 323.27
080 ## - UNIWERSALNA KLASYFIKACJA DZIESIĘTNA - UKD
UKD (061)
111 2# - NAZWA IMPREZY
Nazwa imprezy International Colloquium of Military History
Oznaczenie części/sekcji/imprezy (20 ;
Data imprezy 1994 ;
Miejsce imprezy Warszawa).
245 10 - TYTUŁ/ODPOWIEDZIALNOŚĆ
Tytuł XX. International Colloquium of Military History, 28 August-3 September 1994, Warsaw-Poland :
Ciąg dalszy tytułu national insurgence movements science 1794 = XXe Colloque International d'Histoire Militaire : insurections nationales depuis 1794 : acta /
Pozostałe elementy strefy tytułu i oznaczenia odpowiedzialności [editorial staff: Tadeusz Panecki, Urszula Olech ; Polish Commision of Military History].
246 31 - WARIANT TYTUŁU
Tytuł XXe Colloque International d'Histoire Militaire.
246 3# - WARIANT TYTUŁU
Tytuł International Colloquium of Military History, 20.
260 ## - STREFA ADRESU WYDAWNICZEGO
Miejsce wydania Warsaw :
Nazwa wydawcy/dystrybutora PRS,
Data publikacji, dystrybucji/powstania dokumentu 1995.
300 ## - STREFA OPISU FIZYCZNEGO
Objętość [12], 497 stron ;
Rozmiary 24 cm.
336 ## - TYP ZAWARTOŚCI
Termin opisujący typ zawartości Tekst
Kod określający zawartość txt
Źródło (terminu i kodu) rdacontent
337 ## - TYP MEDIÓW
Tryb odtwarzania Bez urządzenia pośredniczącego
Kod typu mediów n
Źródło (terminu i kodu) rdamedia
338 ## - TYP/RODZAJ NOŚNIKA
Hasło opisujące typ nośnika Wolumin
Kod typu nośnika nc
Źródło (terminu i kodu) rdacarrier
380 ## - FORMA I TYP PUBLIKACJI
Forma i typ publikacji Książki.
380 ## - FORMA I TYP PUBLIKACJI
Forma i typ publikacji Publikacje naukowe
500 ## - UWAGI OGÓLNE
Tekst uwagi Tytuł równoległy: XXe Colloque International d'Histoire Militaire.
504 ## - UWAGA DOTYCZĄCA BIBLIOGRAFII
Informacje o bibliografii Bibliografie przy referatach.
546 ## - UWAGA O JĘZYKU
Uwaga o języku Tekst w języku angielskim, francuskim, hiszpańskim i niemieckim.
658 ## - TERMIN INDEKSOWY - PRZEDMIOT PROGRAMU NAUCZANIA
Główny przedmiot programu nauczania Historia
658 ## - TERMIN INDEKSOWY - PRZEDMIOT PROGRAMU NAUCZANIA
Główny przedmiot programu nauczania Bezpieczeństwo i wojskowość
648 #4 - HASŁO PRZEDMIOTOWE - TERMIN CHRONOLOGICZNY
Termin chronologiczny 1701-1800
648 #4 - HASŁO PRZEDMIOTOWE - TERMIN CHRONOLOGICZNY
Termin chronologiczny 1801-1900
648 #4 - HASŁO PRZEDMIOTOWE - TERMIN CHRONOLOGICZNY
Termin chronologiczny 1901-2000
655 #4 - TERMIN INDEKSOWY - OKREŚLENIE RODZAJU/FORMY DOKUMENTU
Określenie rodzaju/formy dokumentu Materiały konferencyjne
650 #4 - HASŁO PRZEDMIOTOWE W FORMIE NAZWY OGÓLNEJ LUB JEDNOSTKOWEJ
Nazwa ogólna lub geograficzna Wojsko
650 #4 - HASŁO PRZEDMIOTOWE W FORMIE NAZWY OGÓLNEJ LUB JEDNOSTKOWEJ
Nazwa ogólna lub geograficzna Ruchy społeczne
700 1# - HASŁO DODATKOWE - NAZWA OSOBOWA
Nazwa osobowa Olech, Urszula.
Określenie związku między hasłem a opisywanym materiałem Redakcja
700 1# - HASŁO DODATKOWE - NAZWA OSOBOWA
Nazwa osobowa Panecki, Tadeusz
Daty związane z nazwą (1951- )
Określenie związku między hasłem a opisywanym materiałem Redakcja
856 ## - LOKALIZACJA I DOSTĘP DO ELEKTRONICZNYCH DOKUMENTÓW ZDALNYCH
Link (URL) http://koha.tu.koszalin.pl/cgi-bin/koha/opac-detail.pl?biblionumber=30903
Tekst linku Katalog online BPK
942 ## - DODATKOWE ELEMENTY (KOHA)
Schemat klasyfikacji Uniwersalna Klasyfikacja Dziesiętna
Typ dokumentu Książka
Egzemplarze
Wycofany Status egzemplarza Uszkodzony Dostępność Kolekcja Lokalizacja stała Lokalizacja bieżąca Miejsce przechowywania Sygnatura Kod kreskowy Typ dokumentu
      Tylko na miejscu Kolekcja prof. Bogusława Polaka Biblioteka Politechniki Koszalińskiej Biblioteka Politechniki Koszalińskiej Czytelnia Wydziałowa ul. Kwiatkowskiego 6e 37841 02237022 Książka
© 2023 Biblioteka Politechniki Koszalińskiej :: KOHA